000
00202 a2200097 4500
020
_a
9789996410741
041
_a
spa
100
_a
Bustamante Cortez Sergio
245
_a
Leyendas Increibles
942
_c
BK
999
_c
31480
_d
31478